000 00600cam a2200145 4500500
005 20260208002442.0
041 _afre
042 _adc
100 1 0 _aMasset, Claude
_eauthor
245 0 0 _aCatherine Servan-Schreiber, Histoire d’une musique métisse à l’île Maurice. Chutney indien et séga Bollywood, Paris, Riveneuve, 2010, 404 p., bibl., discogr., index, gloss., ill., cartes
260 _c2011.
500 _a57
786 0 _nL'Homme | 200 | 4 | 2011-11-01 | p. 227n-268n | 0439-4216
856 4 1 _uhttps://shs.cairn.info/revue-l-homme-2011-4-page-227n?lang=fr&redirect-ssocas=7080
999 _c1646439
_d1646439